000 00670nam a2200241Ia 4500
003 OSt
005 20220928123915.0
006 a|||||r|||| 00| 0
007 ta
008 220927b |||||||| |||| 00| 0 eng d
024 _a65748
037 _cTextual
040 _aSDCL
_cSDCL
_beng
041 _2eng
_aeng
082 _aX.1'P, P4
100 _aChowdary Nagendra V Ed.
_9439084
245 0 _aGlobal economic crises
_bAn introduction.
260 _aHyderabad
_bICFAI university press
_c2004
300 _axv,206p.
_ccm.
650 _aWorld Economics
_9427483
942 _hX.1'P, P4
_cTEXL
_2CC
999 _c775116
_d775116